<?xml version="1.0" encoding="UTF-8"?>
<record
    xmlns:xsi="http://www.w3.org/2001/XMLSchema-instance"
    xsi:schemaLocation="http://www.loc.gov/MARC21/slim http://www.loc.gov/standards/marcxml/schema/MARC21slim.xsd"
    xmlns="http://www.loc.gov/MARC21/slim">

  <leader>02637nam a22002657a 4500</leader>
  <controlfield tag="003">NALT</controlfield>
  <controlfield tag="005">20260105105820.0</controlfield>
  <controlfield tag="008">251223b        th ||||| |||| 00| 0 tha d</controlfield>
  <datafield tag="020" ind1=" " ind2=" ">
    <subfield code="a">9789740219323</subfield>
  </datafield>
  <datafield tag="040" ind1=" " ind2=" ">
    <subfield code="a">&#xE4C;NALT</subfield>
  </datafield>
  <datafield tag="050" ind1=" " ind2=" ">
    <subfield code="a">DS 577</subfield>
    <subfield code="b">&#xE1B;448&#xE09; 2568</subfield>
  </datafield>
  <datafield tag="100" ind1="0" ind2=" ">
    <subfield code="a">&#xE1B;&#xE23;&#xE32;&#xE21;&#xE34;&#xE19;&#xE17;&#xE23;&#xE4C; &#xE40;&#xE04;&#xE23;&#xE37;&#xE2D;&#xE17;&#xE2D;&#xE07;</subfield>
    <subfield code="9">34071</subfield>
  </datafield>
  <datafield tag="245" ind1="1" ind2="0">
    <subfield code="a">&#xE09;&#xE32;&#xE01;&#xE2A;&#xE33;&#xE04;&#xE31;&#xE0D; "&#xE1E;&#xE23;&#xE30;&#xE40;&#xE08;&#xE49;&#xE32;&#xE15;&#xE32;&#xE01;" &#xE1B;&#xE23;&#xE30;&#xE27;&#xE31;&#xE15;&#xE34;&#xE28;&#xE32;&#xE2A;&#xE15;&#xE23;&#xE4C;&#xE17;&#xE35;&#xE48;&#xE15;&#xE49;&#xE2D;&#xE07;&#xE40;&#xE25;&#xE48;&#xE32; /</subfield>
    <subfield code="c">&#xE1B;&#xE23;&#xE32;&#xE21;&#xE34;&#xE19;&#xE17;&#xE23;&#xE4C; &#xE40;&#xE04;&#xE23;&#xE37;&#xE2D;&#xE17;&#xE2D;&#xE07;.</subfield>
  </datafield>
  <datafield tag="250" ind1=" " ind2=" ">
    <subfield code="a">&#xE1E;&#xE34;&#xE21;&#xE1E;&#xE4C;&#xE04;&#xE23;&#xE31;&#xE49;&#xE07;&#xE41;&#xE23;&#xE01;.</subfield>
  </datafield>
  <datafield tag="260" ind1=" " ind2=" ">
    <subfield code="a">&#xE01;&#xE23;&#xE38;&#xE07;&#xE40;&#xE17;&#xE1E;&#xE2F; : </subfield>
    <subfield code="b">&#xE21;&#xE15;&#xE34;&#xE0A;&#xE19;, </subfield>
    <subfield code="c">2568.</subfield>
  </datafield>
  <datafield tag="300" ind1=" " ind2=" ">
    <subfield code="a">239 &#xE2B;&#xE19;&#xE49;&#xE32; :</subfield>
    <subfield code="b">&#xE20;&#xE32;&#xE1E;&#xE1B;&#xE23;&#xE30;&#xE01;&#xE2D;&#xE1A; ;</subfield>
    <subfield code="c">21 &#xE0B;&#xE21;.</subfield>
  </datafield>
  <datafield tag="505" ind1="2" ind2=" ">
    <subfield code="a">1 &#xE04;&#xE38;&#xE49;&#xE22;&#xE15;&#xE33;&#xE19;&#xE32;&#xE19;&#xE2A;&#xE37;&#xE1A; &#xE1E;&#xE23;&#xE30;&#xE40;&#xE08;&#xE49;&#xE32;&#xE15;&#xE32;&#xE01; &#xE40;&#xE1B;&#xE47;&#xE19; "&#xE40;&#xE08;&#xE49;&#xE32;&#xE40;&#xE21;&#xE37;&#xE2D;&#xE07;&#xE15;&#xE32;&#xE01;" &#xE15;&#xE2D;&#xE19;&#xE44;&#xE2B;&#xE19; &#xE43;&#xE04;&#xE23; "&#xE27;&#xE34;&#xE48;&#xE07;&#xE40;&#xE15;&#xE49;&#xE19;" &#xE43;&#xE2B;&#xE49; -- 2 &#xE40;&#xE2A;&#xE49;&#xE19;&#xE17;&#xE32;&#xE07;&#xE01;&#xE39;&#xE49;&#xE0A;&#xE32;&#xE15;&#xE34;&#xE1E;&#xE23;&#xE30;&#xE40;&#xE08;&#xE49;&#xE32;&#xE15;&#xE32;&#xE01;: &#xE17;&#xE33;&#xE44;&#xE21;&#xE15;&#xE49;&#xE2D;&#xE07;&#xE2B;&#xE31;&#xE27;&#xE40;&#xE21;&#xE37;&#xE2D;&#xE07;&#xE15;&#xE30;&#xE27;&#xE31;&#xE19;&#xE2D;&#xE2D;&#xE01; -- 3 &#xE15;&#xE32;&#xE21;&#xE15;&#xE34;&#xE14;&#xE1B;&#xE0F;&#xE34;&#xE1A;&#xE31;&#xE15;&#xE34;&#xE01;&#xE32;&#xE23; &#xE1E;&#xE23;&#xE30;&#xE40;&#xE08;&#xE49;&#xE32;&#xE15;&#xE32;&#xE01; "&#xE15;&#xE32;&#xE21;&#xE25;&#xE48;&#xE32;" &#xE23;&#xE31;&#xE0A;&#xE17;&#xE32;&#xE22;&#xE32;&#xE17;&#xE01;&#xE23;&#xE38;&#xE07;&#xE28;&#xE23;&#xE35;&#xE2F; -- 4 &#xE42;&#xE21;&#xE40;&#xE14;&#xE25; &#xE1F;&#xE37;&#xE49;&#xE19;&#xE1F;&#xE39;&#xE1B;&#xE23;&#xE30;&#xE40;&#xE17;&#xE28; "&#xE04;&#xE37;&#xE19;&#xE04;&#xE27;&#xE32;&#xE21;&#xE2A;&#xE38;&#xE02;" &#xE22;&#xE38;&#xE04;&#xE1E;&#xE23;&#xE30;&#xE40;&#xE08;&#xE49;&#xE32;&#xE15;&#xE32;&#xE01; -- 5 &#xE01;&#xE25;&#xE22;&#xE38;&#xE17;&#xE18;&#xE4C;&#xE1E;&#xE23;&#xE30;&#xE40;&#xE08;&#xE49;&#xE32;&#xE15;&#xE32;&#xE01; "&#xE40;&#xE2B;&#xE32;&#xE30;" &#xE1F;&#xE37;&#xE49;&#xE19;&#xE27;&#xE34;&#xE01;&#xE24;&#xE15;&#xE28;&#xE23;&#xE31;&#xE17;&#xE18;&#xE32; -- 6 &#xE28;&#xE23;&#xE31;&#xE17;&#xE18;&#xE32; &#xE1B;&#xE32;&#xE0F;&#xE34;&#xE2B;&#xE32;&#xE23;&#xE34;&#xE22;&#xE4C; &#xE1E;&#xE23;&#xE30;&#xE40;&#xE08;&#xE49;&#xE32;&#xE15;&#xE32;&#xE01; &#xE01;&#xE32;&#xE23;&#xE40;&#xE21;&#xE37;&#xE2D;&#xE07;&#xE2B;&#xE23;&#xE37;&#xE2D;&#xE40;&#xE23;&#xE37;&#xE48;&#xE2D;&#xE07;&#xE08;&#xE23;&#xE34;&#xE07; -- 7 "&#xE17;&#xE49;&#xE2D;&#xE07;&#xE01;&#xE31;&#xE1A;&#xE40;&#xE08;&#xE4A;&#xE01;" : &#xE01;&#xE32;&#xE23;&#xE40;&#xE21;&#xE37;&#xE2D;&#xE07;&#xE1D;&#xE48;&#xE32;&#xE22;&#xE43;&#xE19;&#xE02;&#xE2D;&#xE07;&#xE23;&#xE32;&#xE0A;&#xE2A;&#xE33;&#xE19;&#xE31;&#xE01;&#xE01;&#xE23;&#xE38;&#xE07;&#xE18;&#xE19;&#xE1A;&#xE38;&#xE23;&#xE35; -- 8 &#xE42;&#xE2B;&#xE23;&#xE1E;&#xE23;&#xE30;&#xE40;&#xE08;&#xE49;&#xE32;&#xE15;&#xE32;&#xE01; "&#xE01;&#xE1A;&#xE0F;" &#xE25;&#xE2D;&#xE1A;&#xE17;&#xE32;&#xE22;&#xE14;&#xE27;&#xE07;&#xE01;&#xE29;&#xE31;&#xE15;&#xE23;&#xE34;&#xE22;&#xE4C;&#xE23;&#xE31;&#xE0A;&#xE01;&#xE32;&#xE25;&#xE17;&#xE35;&#xE48; 1 -- 9 &#xE04;&#xE33;&#xE43;&#xE2B;&#xE49;&#xE01;&#xE32;&#xE23;&#xE27;&#xE31;&#xE19;&#xE1B;&#xE23;&#xE30;&#xE2B;&#xE32;&#xE23;&#xE1E;&#xE23;&#xE30;&#xE40;&#xE08;&#xE49;&#xE32;&#xE15;&#xE32;&#xE01; -- &#xE1A;&#xE17;&#xE2A;&#xE48;&#xE07;&#xE17;&#xE49;&#xE32;&#xE22;.</subfield>
  </datafield>
  <datafield tag="600" ind1="0" ind2="4">
    <subfield code="a">&#xE15;&#xE32;&#xE01;&#xE2A;&#xE34;&#xE19;&#xE21;&#xE2B;&#xE32;&#xE23;&#xE32;&#xE0A;, </subfield>
    <subfield code="c">&#xE2A;&#xE21;&#xE40;&#xE14;&#xE47;&#xE08;&#xE1E;&#xE23;&#xE30;&#xE40;&#xE08;&#xE49;&#xE32;,</subfield>
    <subfield code="d">2277-2325</subfield>
    <subfield code="9">12048</subfield>
  </datafield>
  <datafield tag="651" ind1=" " ind2="4">
    <subfield code="a">&#xE44;&#xE17;&#xE22;</subfield>
    <subfield code="x">&#xE1B;&#xE23;&#xE30;&#xE27;&#xE31;&#xE15;&#xE34;&#xE28;&#xE32;&#xE2A;&#xE15;&#xE23;&#xE4C;</subfield>
    <subfield code="y">&#xE01;&#xE23;&#xE38;&#xE07;&#xE18;&#xE19;&#xE1A;&#xE38;&#xE23;&#xE35;, 2310-2325</subfield>
    <subfield code="9">27</subfield>
  </datafield>
  <datafield tag="651" ind1=" " ind2="4">
    <subfield code="a">&#xE44;&#xE17;&#xE22; </subfield>
    <subfield code="x">&#xE1B;&#xE23;&#xE30;&#xE27;&#xE31;&#xE15;&#xE34;&#xE28;&#xE32;&#xE2A;&#xE15;&#xE23;&#xE4C;</subfield>
    <subfield code="y">&#xE01;&#xE23;&#xE38;&#xE07;&#xE18;&#xE19;&#xE1A;&#xE38;&#xE23;&#xE35;</subfield>
    <subfield code="y">&#xE2A;&#xE21;&#xE40;&#xE14;&#xE47;&#xE08;&#xE1E;&#xE23;&#xE30;&#xE40;&#xE08;&#xE49;&#xE32;&#xE15;&#xE32;&#xE01;&#xE2A;&#xE34;&#xE19;&#xE21;&#xE2B;&#xE32;&#xE23;&#xE32;&#xE0A;, 2310-2325</subfield>
    <subfield code="9">30027</subfield>
  </datafield>
  <datafield tag="942" ind1=" " ind2=" ">
    <subfield code="c">GB</subfield>
    <subfield code="2">lcc</subfield>
  </datafield>
  <datafield tag="996" ind1=" " ind2=" ">
    <subfield code="a">jidapa.t</subfield>
    <subfield code="b">ACQSTF</subfield>
    <subfield code="c">2025-12-23</subfield>
  </datafield>
  <datafield tag="996" ind1=" " ind2=" ">
    <subfield code="a">varee.k</subfield>
    <subfield code="b">LIBSTF</subfield>
    <subfield code="c">2025-12-24</subfield>
  </datafield>
  <datafield tag="996" ind1=" " ind2=" ">
    <subfield code="a">saiphon.d</subfield>
    <subfield code="b">CATSTF	</subfield>
    <subfield code="c">2026-01-05</subfield>
  </datafield>
  <datafield tag="999" ind1=" " ind2=" ">
    <subfield code="c">107587</subfield>
    <subfield code="d">107587</subfield>
  </datafield>
  <datafield tag="998" ind1=" " ind2=" ">
    <subfield code="j">104</subfield>
    <subfield code="k"> &#xE19;&#xE32;&#xE07;&#xE2A;&#xE32;&#xE27;&#xE2A;&#xE32;&#xE22;&#xE1D;&#xE19;  &#xE14;&#xE35;&#xE07;&#xE32;&#xE21;</subfield>
  </datafield>
  <datafield tag="952" ind1=" " ind2=" ">
    <subfield code="0">0</subfield>
    <subfield code="1">0</subfield>
    <subfield code="2">lcc</subfield>
    <subfield code="4">0</subfield>
    <subfield code="7">0</subfield>
    <subfield code="8">CGBL</subfield>
    <subfield code="a">NALT</subfield>
    <subfield code="b">NALT</subfield>
    <subfield code="c">GEN</subfield>
    <subfield code="d">2025-12-23</subfield>
    <subfield code="e">20</subfield>
    <subfield code="l">0</subfield>
    <subfield code="o">DS 577 &#xE1B;448&#xE09; 2568</subfield>
    <subfield code="p">3961215990</subfield>
    <subfield code="r">2025-12-23 00:00:00</subfield>
    <subfield code="w">2025-12-23</subfield>
    <subfield code="y">GB</subfield>
  </datafield>
</record>
